000 00350 a2200133 4500
005 20250602083452.0
020 _a0-13-240806-6
100 _aHORNGREN, C.T
245 _aAccounting
250 _a7th Ed
260 _aNew Jersey
_bPearson Prentice Hall
_c2007
300 _axx, 1297p.: ill; graphs, tables.
_bGlossary & Index,
_c27.5 cm
942 _2ddc
_cBKS
999 _c2959
_d2959